| 000 | 01916nam2a2200397 4500 | ||
|---|---|---|---|
| 001 | RU\NLR\bibl\250229 | ||
| 005 | 20250620122614.0 | ||
| 010 | _a5-246-00368-X | ||
| 021 |
_aRU _b2001-58109 _92828 |
||
| 035 | _a(NLR Aleph) 000246045 | ||
| 090 |
_a1434817 _c1434817 |
||
| 100 | _a20020320d2001 |||y0rusy50 ca | ||
| 101 | 0 | _arus | |
| 102 | _aRU | ||
| 105 | _ay ||||||||| | ||
| 200 | 1 |
_aПищевая промышленность _eВино. Шампанское. Пиво. Напитки безалкогольные. Спиртные напитки. Табачные изделия _eРоссия и др. страны СНГ |
|
| 210 |
_d2001 _aБ. м. |
||
| 215 | _a522 с. | ||
| 320 | _aАлф. указ.: с. 11-90 | ||
| 461 | 0 |
_1001RU\NLR\bibl\278085 _12001#$aБизнес-карта 2001. [Промышленность. Отрасль]$vТ. 11-12 _91600044 _cМ. _d2001 _nАДИ "Бизнес-карта" _oСНГ : Деловые справ. _tБизнес-карта 2001. [Промышленность. Отрасль] _vТ. 11-12 |
|
| 606 | 1 |
_aПищевкусовая промышленность _jБизнес-карты _yСтраны СНГ _92137826 _3RU\NLR\auth\661288890 |
|
| 606 | 1 |
_aПищевая промышленность _jБизнес-карты _yСтраны СНГ _92188550 _3RU\NLR\auth\661315727 |
|
| 610 | 0 | _aЛикеро-водочные заводы - Справочники | |
| 610 | 0 | _aБезалкогольных напитков заводы - Справочники | |
| 610 | 0 | _aТабачные фабрики - Справочники | |
| 675 |
_a334.716(470)(035.5) _v3 _zrus |
||
| 675 |
_a663/664(47+57) _v3 _zrus |
||
| 686 |
_a06.75 _2rugasnti |
||
| 686 |
_a65.301 _2rubbk |
||
| 686 | _aУ30(2)67я2 | ||
| 801 | 0 |
_aRU _bRKP _c20020320 _gPSBO |
|
| 801 | 1 |
_aRU _bRKP _c20020320 |
|
| 801 | 2 |
_aRU _bNLR _c20130402 _grcr |
|
| 942 | _cBOOK | ||
| 980 | _aNB | ||